Rethinking bank regulation till angels govern

Na minha lista:
Detalhes bibliográficos
Autor principal: Barth, James R.
Outros Autores: Caprio, Gerard, Jr, Levine, Ross
Formato: Livro
Idioma:inglês
Publicado em: Cambridge Cambridge University Press 2006
Assuntos:
Tags: Adicionar Tag
Sem tags, seja o primeiro a adicionar uma tag!

MARC

LEADER 00000nam$a2200000$$$4500
001 0050399
005 20240312115956.3
020 |a 0-521-85576-4 
020 |a 978-0-521-85576-1 
041 0 |a eng 
044 |a GB 
245 1 0 |a Rethinking bank regulation  |b till angels govern  |c James R. Barth, Gerard Caprio, Jr., Ross Levine 
264 1 |a Cambridge  |b Cambridge University Press  |c 2006 
300 |a 428 s.  |e 1 CD-ROM 
610 2 0 |a banky 
610 2 0 |a bankovníctvo 
610 2 0 |a sústava banková 
610 2 0 |a regulácia 
610 2 0 |a právo 
610 2 0 |a harmonizácia 
100 1 |a Barth, James R. 
700 1 |a Caprio, Gerard, Jr. 
700 1 |a Levine, Ross